Accounting principles
Saved in:
| Main Author: | |
|---|---|
| Other Authors: | , |
| Format: | Book |
| Published: |
New York:
John Wiley & Sons inc.
2008.
|
| Edition: | 8th ed. |
| Subjects: | |
| Tags: |
Add Tag
No Tags, Be the first to tag this record!
|
MARC
| LEADER | 00000nam a2200000 4500 | ||
|---|---|---|---|
| 020 | |a 9780471980193 |c TZS 12000/= | ||
| 040 | |a MUL |b eng |e AACR | ||
| 082 | |a 657 WEY | ||
| 100 | |a Weygandt, Jerry J. | ||
| 245 | |a Accounting principles |c /Jerry J. Weygandt, Donald E. Kieso and Paul D. Kimmel | ||
| 250 | |a 8th ed. | ||
| 260 | |a New York: |b John Wiley & Sons inc. |c 2008. | ||
| 300 | |a xxix, 1172p., A1-A30, B1-B4, C1-C12, D1-D4,E1-E2, I1 -I10: |b ill. ; |c 30 cm | ||
| 500 | |a Includes index | ||
| 650 | |a Payroll accounting | ||
| 650 | |a Accounting for partnerships | ||
| 650 | |a Accounting information systems | ||
| 700 | |a Kieso, Donald E. | ||
| 700 | |a Kimmel, Paul D. | ||
| 942 | |c BK | ||
| 999 | |c 3886 |d 3886 | ||